Tribhuvan University Central Library

Helping to eliminate poverty and achieve sustainable development through public-private partnership in infrastructure; annual report 2006 (Record no. 46266)

MARC details
000 -LEADER
fixed length control field 007170000a22002410004500
082 ## - DEWEY DECIMAL CLASSIFICATION NUMBER
Classification number 339.46
Item number W893h
-- UN
041 ## - LANGUAGE CODE
Language code of text/sound track or separate title Eng
005 - DATE AND TIME OF LATEST TRANSACTION
control field 20120907085618.0
110 ## - MAIN ENTRY--CORPORATE NAME
Corporate name or jurisdiction name as entry element The World Bank
Location of meeting Washington, D.C, United States
245 ## - TITLE STATEMENT
Title Helping to eliminate poverty and achieve sustainable development through public-private partnership in infrastructure; annual report 2006
260 ## - PUBLICATION, DISTRIBUTION, ETC. (IMPRINT)
Place of publication, distribution, etc Washington, D.C
Name of publisher, distributor, etc World Bank, Nepal
260 ## - PUBLICATION, DISTRIBUTION, ETC. (IMPRINT)
Date of publication, distribution, etc 2007
300 ## - PHYSICAL DESCRIPTION
Extent 58p.
Other physical details illus.
518 ## - DATE/TIME AND PLACE OF AN EVENT NOTE
Date/time and place of an event note 2009-02-01
530 ## - ADDITIONAL PHYSICAL FORM AVAILABLE NOTE
Additional physical form available note M
650 ## - SUBJECT ADDED ENTRY--TOPICAL TERM
Topical term or geographic name as entry element Macroeconomics
650 ## - SUBJECT ADDED ENTRY--TOPICAL TERM
Topical term or geographic name as entry element Poor
650 ## - SUBJECT ADDED ENTRY--TOPICAL TERM
Topical term or geographic name as entry element Poverty alleviation
650 ## - SUBJECT ADDED ENTRY--TOPICAL TERM
Topical term or geographic name as entry element Sustainable development
650 ## - SUBJECT ADDED ENTRY--TOPICAL TERM
Topical term or geographic name as entry element Public participation
650 ## - SUBJECT ADDED ENTRY--TOPICAL TERM
Topical term or geographic name as entry element Infrastructure
942 ## - ADDED ENTRY ELEMENTS (KOHA)
Koha item type General Collections
Holdings
Withdrawn status Lost status Damaged status Not for loan Home library Current library Date acquired Total Checkouts Barcode Date last seen Price effective from
        Tribhuvan University Central Library Tribhuvan University Central Library 06/20/2010   UN22714 06/20/2010 06/20/2010